| 000 | 00476nam a22001097a 4500 | ||
|---|---|---|---|
| 008 | 190715b xxu||||| |||| 00| 0 eng d | ||
| 010 | _aSCCA F:26B | ||
| 245 | _aSUPREME COURT CRIMINAL APPEAL NO. 2 OF 1993 FRANK NDAHERE VS UGANDA | ||
| 260 |
_bSUPREME COURT MENGO _c1993 |
||
| 500 | _a(CORAM: MANYINDO, D. C. J., ODOKI, J.S.C., ODER, J.S.C.) | ||
| 500 | _a(APPEAL FROM THE JUDGEMENT OF THE HIGH COURT AT KABALE (BERKO, J) DATED 5TH FEBRUARY 1993) | ||
| 999 |
_c8690 _d8690 |
||